000 00419nam a2200145Ia 4500
008 230917s9999||||xx |||||||||||||| ||und||
040 _e173850
_aMAIN
041 _aEnglish
082 _a891.433721 AP78R
100 _aअमृता प्रीतम
245 0 _aरसीदी टिकट
260 _aदिल्ली
_bपराग प्रकाशन
_c1977
300 _a151 पृ. p.
942 _cHN
999 _c151224
_d151224